Información, valoración y política ambiental en Colombia con referencia al sector hídrico (Registro nro. 4288)

Detalles MARC
000 -CABECERA
Campo de control 00812nam a2200253 a 4500
005 - FECHA Y HORA DE LA ULTIMA TRANSACCION
Campo de control 20191224041731.0
008 - ELEMENTOS DE LONGITUD FIJA—INFORMACION GENERAL
Campo de control 140314b2002 ck ||||| |||| 00| 0 spa d
020 ## - ISBN
ISBN 9589679382
040 ## - FUENTE DE CATALOGACIÓN
Agencia catalogadora original CO-BoIAVH
Agencia transcriptora CO-BoIAVH
041 ## - IDIOMA
Código de idioma para texto/pista de sonido o título separado Español
044 ## - PAÍS DE PUBLICACIÓN
País de publicación Colombia
082 ## - NUMERO DE CLASIFICACION DECIMAL DEWEY
Número de clasificación 363.70561
Número del ítem C25i
110 1# - ASIENTO PRINCIPAL--NOMBRE CORPORATIVO
Nombre corporativo o de jurisdicción como elemento de entrada Corporación Autónoma Regional de Cundinamarca
245 1# - MENCION DE TITULO
Título Información, valoración y política ambiental en Colombia con referencia al sector hídrico
260 ## - PUBLICACION, DISTRIBUCION, ETC. (PIE DE IMPRENTA)
Lugar de publicación, distribución, etc. Bogotá
Nombre del editor, distribuidor, etc. Gtz
-- Tob
-- Kfw
Fecha de publicación, distribución, etc. 2002
300 ## - DESCRIPCION FISICA
Extensión 209 paginas
650 14 - ASIENTO SECUNDARIO DE MATERIA - TERMINO TEMATICO
Término temático o nombre geográfico como elemento de entrada Métodos de Valoración
Subdivisión de forma Ecología Tropical
650 14 - ASIENTO SECUNDARIO DE MATERIA - TERMINO TEMATICO
Término temático o nombre geográfico como elemento de entrada Contaminación
650 14 - ASIENTO SECUNDARIO DE MATERIA - TERMINO TEMATICO
Término temático o nombre geográfico como elemento de entrada Información Ambiental
700 ## - ASIENTO SECUNDARIO - NOMBRE PERSONAL
Nombre personal Wattenbach, Horst
700 ## - ASIENTO SECUNDARIO - NOMBRE PERSONAL
Nombre personal Romero C., Carolina
942 ## - ELEMENTOS ADICIONALES (KOHA)
Tipo de ítem Libro
Sistema de clasificación Dewey Decimal Classification
945 ## - PROCESAMIENTO LOCAL
AAAA-MM-DD - Fecha de ingreso o modificacion 2005-01-21
Existencias
Withdrawn status Lost status Sistema de Clasificación Damaged status No para préstamo Colección Inventariado Ubicación Permanente Ubicación actual Fecha de adquisición Fuente de Valor Valor Total Checkouts Número topográfico Inventario / Código de Barras Date last seen Ejemplar Price effective from Forma de adquisición Tipo de material
    Dewey Decimal Classification     General Inventariado 2017 Bogotá Bogotá 17/08/2007 Instituto 15000.00   LB-363.70561 C25i 025068 04/12/2012 Ej. 2 04/12/2012 Donación Libro
    Dewey Decimal Classification     General Inventariado 2017 Sala Fabio Quevedo Sala Fabio Quevedo 21/01/2005 Instituto 15000.00   LB-363.70561 C25i 017065 04/12/2012 Ej. 1 04/12/2012 Donación Libro